Los Desastres no son naturales /
Los desastres naturales parecen convertirse en circunstancias cotidianas de millones de pobladores de América Latina y otras latitudes del orbe. Caracterizados comúnmente por la cantidad de pérdidas humanas y económicas sufridas a corto plazo, los desastres son más bien fenómenos de carácter y defin...
Guardado en:
| Hovedforfatter: | |
|---|---|
| Andre forfattere: | |
| Format: | Ukendt |
| Udgivet: |
Bogotá:
LA RED. ITDG
|
| Fag: | |
| Tags: |
Tilføj Tag
Ingen Tags, Vær først til at tagge denne postø!
|
MARC
| LEADER | 00000 a2200000 04500 | ||
|---|---|---|---|
| 001 | 4844 | ||
| 003 | |||
| 008 | 991231s d | ||
| 040 | |||
| 090 | |a 119206 | ||
| 100 | |a Maskrey, Andrew | ||
| 245 | |a Los Desastres no son naturales / |c Andrew Maskrey | ||
| 260 | |a Bogotá: |b LA RED. ITDG | ||
| 300 | |a 166 p | ||
| 520 | |a Los desastres naturales parecen convertirse en circunstancias cotidianas de millones de pobladores de América Latina y otras latitudes del orbe. Caracterizados comúnmente por la cantidad de pérdidas humanas y económicas sufridas a corto plazo, los desastres son más bien fenómenos de carácter y definición eminentemente social, no sólo en términos del impacto que los caracteriza sino también en términos de sus orgígenes, así como de las reacciones y respuestas que suscitan en la sociedad política y civil. La naturaleza social de los desastres no encuentra, sin embargo, la atención correspondiente desde el punto de vista del aporte que las Ciencias Sociales hacen a su estudio en América Latina o en la contribución al debate sobre la prevención, la mitigación y la atención de desastres. En la primera parte del documento se discute la forma cómo las concepciones dominantes sobre los desastres parecen autoexcluir una participación constante y connotada de las Ciencias Sociales en su estudio. La segunda sección se dedica a exponer una perspectiva alternativa de los desastres que promueve una reflexión más social sobre sus orígenes y su desarrollo y, en la tercera sección se ofrece un acercamiento a la problemática de los desastres que facilita de la Ciencias Sociales de forma articulada. HB/MR | ||
| 650 | |a DESASTRES NATURALES | ||
| 650 | |a ASPECTOS ECONOMICOS | ||
| 650 | |a ASPECTOS SOCIALES | ||
| 650 | |a PREVENCION DE DESASTRES | ||
| 700 | |a comp | ||
| 999 | |c 12188 |d 12188 | ||
